Ethnic Flags - Statistics

General Stats
  • This quiz has been taken 501 times
    206 since last reset
  • The average score is 21 of 128
Answer Stats
Picture Answer % Correct
Amazigh
72%
Corsicans
53%
Assyrians
52%
Navajo
43%
Walloons
43%
Frisians
39%
African-Americans
37%
Karakalpaks
36%
Chuvash
35%
Ingush
35%
Rusyns
35%
Sorbs
34%
Buryats
33%
Lombards
33%
Udmurts
33%
Kalmyks
32%
Karelians
32%
Aragonese
31%
Druze
31%
Yakutians
31%
Ainu
29%
Igbo
29%
Maris
29%
Acadians
28%
Hmong
28%
Quechua
28%
Tuvans
28%
Native Hawaiians
25%
Norfolk Islanders
24%
Galicians
23%
Guaraní
23%
Canarians
22%
Volga Germans
22%
Hausa
21%
Sioux
21%
Afrikaners
20%
Mordvins
20%
Bashkirs
19%
Gagauz
19%
Balochis
18%
Bosnian Croats
18%
Bougainville Islanders
18%
Cretans
18%
Marathis
18%
Nagas
18%
Nenets
18%
Ulster Scots
17%
Moravians
16%
Székelys
16%
Tamils
16%
Chamorros
15%
Chin
15%
Mayans
15%
Iraqi Turkmens
14%
Mapuche
14%
Pontic Greeks
14%
Rohingya
14%
Acehnese
13%
Cantonese
13%
Maasai
13%
Oromo
13%
Tagalogs
13%
Ashanti
12%
Kannadigas
12%
Kashmiris
12%
Louisiana Creoles
12%
Malays
12%
Tahitians
12%
Yapese
12%
Yi
12%
Chicanos
11%
Gujaratis
11%
Ladins
11%
Manchus
11%
Swabians
11%
Zanzibaris
11%
Chuukese
10%
Franconians
10%
Irish-Americans
10%
Nahuas
10%
Shetlanders
10%
Balinese
9%
Sundanese
9%
Chagossians
8%
Cheyenne
8%
Finnish Swedes
8%
French-Americans
8%
Latgalians
8%
Laz
8%
Miskitos
8%
Moluccans
8%
Pomaks
8%
Rarotongans
8%
Yazidis
8%
Zhuang
8%
Australian South Sea Islanders
7%
Choctaw
7%
Anglo-Quebecers
6%
Arpitans
6%
English South Africans
6%
Lipka Tatars
6%
Meso-Melanesians
6%
Patagonians
6%
South Tyroleans
6%
Tornedalians
6%
Afro-Bolivians
5%
Buginese
5%
Ilocános
5%
Jejuans
5%
Makassars
5%
Rakhine
5%
Rotumans
5%
Welsh Argentines
5%
Acholi
4%
Bataks
4%
Dalmatian Italians
4%
Dayaks
4%
Ewe
4%
Ladakhis
4%
Minang
4%
Somali Bantus
4%
Tejanos
4%
Bemba
3%
Hazaras
3%
Herero
3%
Réunionese
3%
Selk'nam
3%
Sidama
3%
No matching quizzes found
Score Distribution
Percent of People with Each Score
Percentile by Number Answered
Your Score History
You have not taken this quiz since the last reset